LDR 01144naa#a2200169#i#450# 001 RU\\bibl\122105 005 20260604070806.4 011 ## _a1998-6785 100 ## _a20230621b2023####ek#y0rusy0150####ca 102 ## _aRU 200 1# _aИсториография темы русского зарубежья (на основе публикаций в журналах "Россия и АТР", "Ойкумена. Регионоведческие исследования" и "Известия Восточного института"). Часть 1 _eЖурнальная статья 210 1# _aВладивосток _cФедеральное государственное бюджетное образовательное учреждение высшего образования "Владивостокский государственный университет" _d2023 215 ## _a12 с. 608 ## _aЖурнальная статья _2local 675 ## _aИсторическая наука. Вспомогательные исторические науки. 930 _z 700 #1 _aКараман _gВадим Николаевич 856 4# _aojkum.editorum.ru _u